书目信息 |
| 题名: |
劳动经济学
|
|
| 作者: | 何承金 主编 | |
| 分册: | ||
| 出版信息: | 大连 东北财经大学出版社 2021.3 |
|
| 页数: | 342页 | |
| 开本: | 25cm | |
| 丛书名: | ||
| 单 册: | ||
| 中图分类: | F240 | |
| 科图分类: | ||
| 主题词: | 劳动经济学--lao dong jing ji xue--高等学校--教材 | |
| 电子资源: | ||
| ISBN: | 978-7-5654-4090-8 | |
| 000 | 00904nam0 2200265 450 | |
| 001 | 2161470078 | |
| 005 | 20211003084232.28 | |
| 010 | @a978-7-5654-4090-8@dCNY45.00 | |
| 100 | @a20210411d2021 em y0chiy0120 ea | |
| 101 | 0 | @achi |
| 102 | @aCN@b210000 | |
| 105 | @ay z 000yy | |
| 106 | @ar | |
| 200 | 1 | @a劳动经济学@Alao dong jing ji xue@dLabour economics@f何承金主编@zeng |
| 205 | @a6版 | |
| 210 | @a大连@c东北财经大学出版社@d2021.3 | |
| 215 | @a342页@d25cm | |
| 300 | @a21世纪高等院校人力资源管理专业教材新系 | |
| 330 | @a本书包括:劳动力供给、劳动力需求、劳动力市场、劳动力流动、人力资本投资、劳动工资与福利、工会、劳动保障、劳动就业、失业等12章内容。 | |
| 510 | 1 | @aLabour economics@zeng |
| 606 | 0 | @a劳动经济学@Alao dong jing ji xue@x高等学校@j教材 |
| 690 | @aF240@v5 | |
| 701 | 0 | @a何承金@Ahe cheng jin@4主编 |
| 801 | 0 | @aCN@b百万庄@c20210929 |
| 905 | @b1302990-93@dF240@e177=6@f4 | |
| 劳动经济学=Labour economics/何承金主编.-6版.-大连:东北财经大学出版社,2021.3 |
| 342页;25cm |
| 21世纪高等院校人力资源管理专业教材新系 |
| ISBN 978-7-5654-4090-8:CNY45.00 |
| 本书包括:劳动力供给、劳动力需求、劳动力市场、劳动力流动、人力资本投资、劳动工资与福利、工会、劳动保障、劳动就业、失业等12章内容。 |
| ● |
| 相关链接 |
|
|
|
|
正题名:劳动经济学
索取号:F240/177=6
 
预约/预借
| 序号 | 登录号 | 条形码 | 馆藏地/架位号 | 状态 | 备注 |
| 1 | 1302990 | 213029907 | 第一样本阅览室/ [索取号:F240/177=6] | 在馆 | |
| 2 | 1302991 | 213029916 | 第一借阅区/ [索取号:F240/177=6] | 在馆 | |
| 3 | 1302992 | 213029925 | 第一借阅区/ [索取号:F240/177=6] | 在馆 | |
| 4 | 1302993 | 213029934 | 第一借阅区/ [索取号:F240/177=6] | 在馆 |